In search of the human mind

At this point in yourr education, you know that learning requires hard work. You will be able organize the information more effectively ans coherently...

Сохранить в:
Библиографические подробности
Главный автор: Sternberg, Robert J.
Формат:
Язык:Undetermined
Опубликовано: Fort Worth, Texas Harcourt Brace College 1995
Предметы:
Метки: Добавить метку
Нет меток, Требуется 1-ая метка записи!
Thư viện lưu trữ: Trung tâm Học liệu Trường Đại học Cần Thơ
LEADER 00731nam a2200205Ia 4500
001 CTU_40770
008 210402s9999 xx 000 0 und d
020 |c 33.21 
082 |a 150 
082 |b S839 
100 |a Sternberg, Robert J. 
245 0 |a In search of the human mind 
245 0 |c Robert J. Sternberg 
260 |a Fort Worth, Texas 
260 |b Harcourt Brace College 
260 |c 1995 
520 |a At this point in yourr education, you know that learning requires hard work. You will be able organize the information more effectively ans coherently... 
650 |a Psychology,Tâm lí học 
904 |i Nguyễn Quang Điền, 010403, Trúc 
980 |a Trung tâm Học liệu Trường Đại học Cần Thơ